New neklaces : 400 designs in contemporary jewellery

Bibliographic Details
Main Author: Estrada, Nicolas
Format: Book
Published: Barcelona : Hoaki Books, S.L. , 2019
Subjects:

MARC

LEADER 00000cam a2200000 7i4500
001 0000089861
005 20230125145525.0
008 220821
020 |a 9788417412432 
041 0 |a English 
090 0 0 |a 739.27   |b EST 
100 1 |a Estrada, Nicolas 
245 1 0 |a New neklaces :   |b 400 designs in contemporary jewellery   |c Nicolas Estrada 
260 |a Barcelona :   |b Hoaki Books, S.L. ,   |c 2019 
300 |a 240 p. :   |b ill., col. ;   |c 23.9 cm. 
541 |c Purchased on 2022   |f 6304 EVM   |h RM141.95 
650 0 |a Jewelry making 
650 0 |a Neclaces 
999 |a 0001695586   |b Book   |c Adult Collection   |e Perbadanan Perpustakaan Awam Johor